League of Legends Quote Quiz - Statistics

General Stats
  • This quiz has been taken 8,401 times
  • The average score is 5 of 15
Answer Stats
Hint Answer % Correct
"Me, miss? Not by a long shot." Caitlyn
80%
"Ashes, ashes, they all fall down." Annie
67%
"Ask me if I'm listening. Hint: I'm not." Jinx
65%
"Plan? I don't need a plan." Vi
46%
"Share in my torment." Morgana
41%
"I'll fight for a cause. I won't die for one." Sivir
39%
"My hands are stained." Riven
28%
"You can not cage me, Summoner." Nidalee
26%
"If you'd like to play with me, you'd better be sure you know the game." Ahri
25%
"A legion couldn't stop me. What chance do you have?" Syndra
18%
"C'mon you! Let's dance. Ha!" Lulu
17%
"They would not listen." Diana
15%
"Such a busy world." Zyra
15%
"They have faced nothing like me." Shyvana
11%
"I will not tolerate weakness." Sejuani
10%
No matching quizzes found
Score Distribution
Percent of People with Each Score
Percentile by Number Answered
Your Score History
You have not taken this quiz